000 00607nam a22001937a 4500
005 20251108171219.0
008 250721s1990 xx 000 0 ara d
082 1 4 _aم/351.609565/ارد
245 1 0 _aالتقرير السنوي لعام 1990 /
264 1 _aعمان :
_bديوان الخدمة المدنية،
_c1990.
300 _a113ص.
650 1 7 _aالخدمة المدنية
650 1 7 _aالأردن
650 1 7 _aقوانين وأنظمة
650 1 7 _aالموظفون والمستخدمون
710 2 _aديوان الخدمة المدنية
942 _2ddc
_cBK
999 _c59503
_d59503